02751nam a22002537a 450000500170000000800410001702000180005804000180007608200200009410000260011424500500014025000120019026000460020230000290024850009080027750507670118565000400195265000510199265000290204394200300207299900190210295201880212195201880230920250506114703.0250428b |||||||| |||| 00| 0 eng d a9789391820480 cAIMIT LIBRARY 21a658.15bRUSR aRustagi, R P.9208997 aBasic financial management /cBy R P Rustagi. a1st ed. aNew Delhi :bSultan Chand & Sons ,c2023. axiv,440p. ;bPBc24.7 cm aAbout The Book Basic Financial Management has been prepared to meet the requirements of students taking B.Com. of University of Delhi. The Scope of financial decision making has substantially widened with new concepts appearing on the horizon. Consistent with the objective, the book presents an analytical framework of the related subject-matter. Numerical examples and illustrations have been used extensively to explain the application of different concepts. Salient Features Comprehensive and systematic coverage and analytical presentation of the subject matter. Chapter Theme and Chapter Plan in the beginning of each chapter to give the bird's eyeview of the contents of that chapter. Objective Type Questions (with answers) given at the end of each chapter. Sufficient examples and solved illustrations/problems given at appropriate places. Extensive use of Charts, Graphs and Diagrams. a Contents : Unit One: Financial Management: An Overview Financial Management – An Introduction Time Value of Money Unit Two: Capital Budgeting Decisions Capital Budgeting – An Introduction Capital Budgeting – Techniques of Evaluation Unit Three: Cost of Capital and Financing Decision Cost of Capital Leverage Analysis EBIT-EPS Analysis Leverage, Cost of Capital and Value of the firm Factors of Capital Structure Unit Four: Dividend Decision Dividend Decision and Valuation of the Firm Dividend Policy: Determinants and Constraints Unit Five: Working Capital Management Introduction to Working Capital Working Capital: Estimation and Calculations Management of Cash Receivables Management Inventory Management Apendix–I Apendix–IIrRustagi RP (Dr.) aCapital budgeting decisions9208998 aCost of capital and financing decision9208999 aDivided decision9209000 2ddccBKe1stk658.15 RUSR c234255d234255 00102ddc40708MBAaAIMITbAIMITcFMd2025-03-14eBiblios Book Pointg450.00iBill.no:7467; Bill.dt:2025/03/11l0o658.15 RUSRpMBA15000r2026-05-23 00:00:00v351.00w2025-04-28yBK 00102ddc40708MBAaAIMITbAIMITcFMd2025-03-14eBiblios Book Pointg450.00iBill.no:7467; Bill.dt:2025/03/11l0o658.15 RUSRpMBA15001r2026-05-23 00:00:00v351.00w2025-04-28yBK